000 00775nam a22001697a 4500
003 OSt
005 20170103214551.0
008 150913b xxu||||| |||| 00| 0 eng d
040 _cRUA
082 _aAGR KON 1997 B019 Or.1
100 _9373
_aKONG, THYRITH.
245 _aRice- fish farming system in takeo province under supported by LWS ប្រព័ន្ធកសិកម្មដំណាំស្រូវ-​ចិញ្ចឹមត្រីក្នុងខេត្ដតាកែវក្រោមការជួយឧបត្ថម្ភរបស់អង្គការ LWS​
260 _aPhnom Penh
_bRUA
_c1997
300 _a76p.
_bill.
_c29cm.
856 _uhttps://drive.google.com/file/d/0B53rhQVaMAr3WWdHRFNKWl9lamM/view?usp=sharing
942 _2ddc
_cAGR
999 _c354
_d354